Techniques of teaching mathematics / (Record no. 29451)

MARC details
000 -LEADER
fixed length control field 00890nam a22002417a 4500
005 - DATE AND TIME OF LATEST TRANSACTION
control field 2009082205435.0
008 - FIXED-LENGTH DATA ELEMENTS--GENERAL INFORMATION
fixed length control field 090821t xxu||||| |||| 00| 0 eng d
010 ## - LCCN (DPL NO)
LC control number ENG-94814
020 ## - INTERNATIONAL STANDARD BOOK NUMBER
International Standard Book Number 9788183160612
Terms of availability 150.00
020 ## - INTERNATIONAL STANDARD BOOK NUMBER
International Standard Book Number 8183160611
Terms of availability 150.00
035 ## - SYSTEM CONTROL NUMBER
System control number EN-78347
037 ## - SOURCE OF ACQUISITION
Source of stock number/acquisition DBAD / PUB
040 ## - CATALOGING SOURCE
Original cataloging agency dpl
Language of cataloging English
082 ## - DEWEY DECIMAL CLASSIFICATION NUMBER
Classification number 510.71
100 ## - MAIN ENTRY--PERSONAL NAME
Personal name James, Anice
245 ## - TITLE STATEMENT
Title Techniques of teaching mathematics /
Statement of responsibility, etc by Anice James; foreworded by T. Venka Reddy
260 ## - PUBLICATION, DISTRIBUTION, ETC. (IMPRINT)
Place of publication, distribution, etc Hyderbad
Name of publisher, distributor, etc Neelkamal Publications
Date of publication, distribution, etc 2009(repr.).
270 ## - ADDRESS
Address Sultan Bazar,
City Hyderbad
Postal code 500095
300 ## - PHYSICAL DESCRIPTION
Extent xx, 307p.
Dimensions 23cm(pbk)
700 ## - ADDED ENTRY--PERSONAL NAME
Personal name Reddy, T. Venka
942 ## - ADDED ENTRY ELEMENTS (KOHA)
Source of classification or shelving scheme Dewey Decimal Classification
Item type English Books
Call number suffix JAM
Classification part 510.71
Holdings
Withdrawn status Lost status Source of classification or shelving scheme Damaged status Not for loan Collection code Home library Current library Date acquired Source of acquisition Cost, normal purchase price Total Checkouts Full call number Barcode Date last seen Copy number Cost, replacement price Koha item type
    Dewey Decimal Classification   Not For Loan Non-fiction D.B.Act.Division D.B.Act.Division 22/08/2009 DBAD / PUB 150.00   510.71 JAM EN-78347 22/08/2009 1 150.00 English Books

© Delhi Public Library
Hit Counter
free hit counter